Statystyki dla Powiaty Województwa Zachodniopomorskiego (z Mapą)

Kliknij tutaj aby rozwiązać quiz!

Ogólne statystyki

  • Ten quiz został rozwiązany 14 683 razy
  • Średni wynik to 13 z 21

Odpowiedzi na mapie

Odpowiedzi skodowane kolorowo w zielono-czerwonej skali na mapie do tego quizu, zgodnie z poniższymi procentami.
 

Statystyki odpowiedzi

Powiaty% Poprawnych
Szczecin
99%
Koszalin
91%
Świnoujście
87%
Koszaliński
84%
Kołobrzeski
80%
Policki
66%
Stargardzki
66%
Gryficki
63%
Gryfiński
59%
Szczecinecki
55%
Kamieński
54%
Goleniowski
53%
Drawski
52%
Białogardzki
51%
Wałecki
49%
Myśliborski
47%
Sławieński
47%
Pyrzycki
43%
Łobeski
42%
Świdwiński
39%
Choszczeński
38%

Rozkład punktacji

Percentyl według liczby udzielonych odpowiedzi

Procent ludzi z każdym wynikiem

Twoja historia wyników

Nie rozwiązałeś tego quizu